[Event "4NCL/Div1b/BRI1 vs. PAP"]
[Site "Sunningdale ENG"]
[Date "2009.01.18"]
[Round "6.5"]
[White "Dilleigh, Stephen P"]
[Black "Allicock, Rawle A"]
[Result "1/2-1/2"]
[WhiteElo "2151"]
[BlackElo "2300"]
[PlyCount "48"]
[EventDate "2009.01.18"]
[SourceDate "2008.10.04"]

1. d4 Nf6 2. c4 e6 3. Nc3 Bb4 4. e3 O-O 5. Bd3 c5 6. Nf3 d5 7. O-O cxd4 8. exd4
dxc4 9. Bxc4 b6 10. Bg5 Bb7 11. Ne5 Nbd7 12. Nxd7 Qxd7 13. Bxf6 gxf6 14. Qg4+
Kh8 15. Qf4 Rg8 16. Qxf6+ Rg7 17. f3 Be7 18. Qe5 Bd6 19. Qe2 Qc7 20. h3 Rag8
21. g4 h5 22. Nb5 Bh2+ 23. Qxh2 Qxc4 24. Qe5 f6 1/2-1/2

[Event "4NCL/Div1b/BRI1 vs. PAP"]
[Site "Sunningdale ENG"]
[Date "2009.01.18"]
[Round "6.6"]
[White "Sahl, Sheila"]
[Black "Collier, David O"]
[Result "1/2-1/2"]
[WhiteElo "2219"]
[BlackElo "2083"]
[PlyCount "49"]
[EventDate "2009.01.18"]
[SourceDate "2008.10.04"]

1. e4 c5 2. Nf3 d6 3. d4 cxd4 4. Nxd4 Nf6 5. Nc3 a6 6. Bg5 e6 7. f4 Qc7 8. Bxf6
gxf6 9. Qd2 Nc6 10. O-O-O Bd7 11. Bc4 h5 12. Kb1 O-O-O 13. Rhf1 Be7 14. Nxc6
Qxc6 15. Bb3 Kb8 16. Qe3 Qc5 17. Qh3 h4 18. Rd3 Rh5 19. Qf3 Rdh8 20. Rfd1 Bc6
21. Qe2 f5 22. a3 fxe4 23. Nxe4 Bxe4 24. Qxe4 d5 25. Qe2 1/2-1/2

[Event "4NCL/Div1b/BRI1 vs. PAP"]
[Site "Sunningdale ENG"]
[Date "2009.01.18"]
[Round "6.7"]
[White "Curtis, John"]
[Black "Winkelmann, Elena"]
[Result "0-1"]
[WhiteElo "2125"]
[BlackElo "2101"]
[PlyCount "70"]
[EventDate "2009.01.18"]
[SourceDate "2008.10.04"]

1. d4 d5 2. Nf3 Nf6 3. e3 c6 4. c4 a6 5. Bd3 e6 6. Nbd2 Nbd7 7. b3 c5 8. Bb2 b6
9. O-O Bb7 10. Ne5 cxd4 11. exd4 Bd6 12. cxd5 Nxd5 13. Ne4 N7f6 14. Ng5 O-O 15.
f4 Ne3 16. Qb1 g6 17. d5 Bxd5 18. Nxh7 Kxh7 19. Bxg6+ Kg7 20. Re1 Bc5 21. b4
Nxg2+ 22. bxc5 Nxf4 23. Bc2 Rg8 24. Qc1 Kf8+ 25. Kf1 Bg2+ 26. Kf2 Ng4+ 27. Nxg4
Qh4+ 28. Ke3 Qxg4 29. cxb6 Qf3+ 30. Kd4 Rd8+ 31. Kc4 Qc6+ 32. Kb3 Qxb6+ 33. Ka3
Qc5+ 34. Kb3 Rb8+ 35. Ka4 Bc6# 0-1